The World Mining Industry : (Record no. 615212)

MARC details
000 -LEADER
fixed length control field 00471nam a2200181 a 4500
008 - FIXED-LENGTH DATA ELEMENTS--GENERAL INFORMATION
fixed length control field 260221s2017##################000#0#eng##
020 ## - INTERNATIONAL STANDARD BOOK NUMBER
ISBN 9781138551305
082 04 - DEWEY DECIMAL CLASSIFICATION NUMBER
Classification number 338.06
Item number MIK.11
100 1# - MAIN ENTRY--AUTHOR NAME
Personal name Mikesell, Raymond F.,
245 10 - TITLE STATEMENT
Title The World Mining Industry :
260 ## - PUBLICATION, DISTRIBUTION, ETC. (IMPRINT)
Name of publisher Routledge,
Year of publication 2017.
300 ## - PHYSICAL DESCRIPTION
Number of Pages 208 pages
942 ## - ADDED ENTRY ELEMENTS (KOHA)
Koha item type English Books
Holdings
Withdrawn status Lost status Damaged status Not for loan Home library Current library Shelving location Date acquired Full call number Accession Number Price effective from Koha item type
        Anna Centenary Library Anna Centenary Library 4TH FLOOR, A WING 21.02.2026 338.06 MIK.11 605167 21.02.2026 English Books

Find us on the map